000
00318nam a22001457a 4500
008
210527b ||||| |||| 00| 0 eng d
020
_a
0091246711
041
_a
eng
080
_a
32
082
_a
32
100
_a
21
101
_a
POL
245
_a
Foundations of Political Science
_c
Harris,P.B
942
_2
udc
_c
BK
999
_c
57752
_d
57752